[Event "Champigny sur Marne op 6th"]
[Site "Champigny sur Marne"]
[Date "2006.02.19"]
[Round "5"]
[White "Pauvert, Maxime"]
[Black "Fusil, Jean Marie"]
[Result "0-1"]
[WhiteElo "1009"]
[BlackElo "1680"]
[PlyCount "66"]
[EventDate "2006.02.16"]
[EventType "swiss"]
[EventRounds "6"]
[EventCountry "FRA"]
[SourceTitle "EXT 2007"]
[Source "ChessBase"]
[SourceDate "2006.11.23"]
[SourceVersion "1"]
[SourceVersionDate "2006.11.23"]
[SourceQuality "1"]

1. e4 c5 2. Nf3 Nc6 3. Bc4 e6 4. d3 d6 5. Bg5 Be7 6. Bf4 e5 7. Bg3 Nf6 8. Nc3 0-0 9. Ng5 Bg4 10. f3 Bh5 11. Ne2 d5 12. exd5 Nxd5 13. Bf2 Bxg5 14. g4 Bg6 15. Bxc5 Be7 16. Be3 Nxe3 17. Qd2 Bg5 18. h4 Ng2+ 19. Kf1 Bxd2 20. Kxg2 h6 21. h5 Bh7 22. Rad1 Bg5 23. f4 exf4 24. Rdf1 Ne5 25. Nxf4 Nxc4 26. dxc4 Be4+ 27. Kg1 Bxh1 28. Kxh1 Bxf4 29. Rxf4 Re8 30. Rf1 Qh4+ 31. Kg1 Re2 32. Rf2 Qxf2+ 33. Kh1 Qg2# 0-1